[Event "Galicia-ch U18"]
[Site "Padron"]
[Date "2023.02.21"]
[Round "8"]
[White "Lopez Varela, Pablo"]
[Black "Cernadas Camean, David"]
[Result "1/2-1/2"]
[WhiteElo "2279"]
[BlackElo "1938"]
[PlyCount "27"]
[EventDate "2023.02.18"]
[EventType "swiss"]
[EventRounds "8"]
[EventCountry "ESP"]
[SourceTitle "EXT 2024"]
[Source "ChessBase"]
[SourceDate "2023.10.10"]
[SourceVersion "1"]
[SourceVersionDate "2023.10.10"]
[SourceQuality "1"]

1. Nf3 d5 2. b3 e6 3. Bb2 Nf6 4. e3 c5 5. d4 Nc6 6. Bd3 Be7 7. 0-0 0-0 8. Nbd2 b6 9. Ne5 Bb7 10. f4 Rc8 11. a3 Re8 12. Qf3 Na5 13. Qh3 Ne4 14. Bxe4 1/2-1/2

[Event "ESP-chT Rapid"]
[Site "Toledo"]
[Date "2022.09.24"]
[Round "1"]
[White "Cernadas Camean, David"]
[Black "Moreno Tejera, Emilio"]
[Result "1/2-1/2"]
[WhiteElo "1893"]
[BlackElo "2411"]
[PlyCount "55"]
[EventDate "2022.09.24"]
[EventType "team-swiss (rapid)"]
[EventRounds "9"]
[EventCountry "ESP"]
[SourceTitle "CBM 210 Extra"]
[Source "ChessBase"]
[SourceDate "2022.11.30"]
[SourceVersion "1"]
[SourceVersionDate "2022.11.30"]
[SourceQuality "1"]
[WhiteTeam "Sociedad Liceo Marquino"]
[BlackTeam "Extremadura Magic"]
[WhiteTeamCountry "ESP"]
[BlackTeamCountry "ESP"]

1. e4 c5 2. Nf3 d6 3. g3 Nf6 4. d3 g6 5. Bg2 Bg7 6. 0-0 0-0 7. Re1 Nc6 8. c3 e5 9. a3 d5 10. exd5 Nxd5 11. Nbd2 Re8 12. Ne4 b6 13. Bg5 f6 14. Be3 Be6 15. Nfd2 Nxe3 16. Rxe3 Qc7 17. Nxf6+ Bxf6 18. Qf3 Bg5 19. Qxc6 Qg7 20. f4 Rac8 21. Qd6 Rcd8 22. Qc6 Bd7 23. Qd5+ Be6 24. Qc6 Rc8 25. Qd6 Rcd8 26. Qc6 Rc8 27. Qd6 Rcd8 28. Qc6 1/2-1/2

[Event "Sada Coruna op"]
[Site "Sada"]
[Date "2022.09.10"]
[Round "8"]
[White "Cernadas Camean, David"]
[Black "Martinez Reyes, Pedro Ramon"]
[Result "0-1"]
[WhiteElo "1893"]
[BlackElo "2386"]
[PlyCount "86"]
[EventDate "2022.09.04"]
[EventType "swiss"]
[EventRounds "9"]
[EventCountry "ESP"]
[SourceTitle "CBM 210 Extra"]
[Source "ChessBase"]
[SourceDate "2022.11.30"]
[SourceVersion "1"]
[SourceVersionDate "2022.11.30"]
[SourceQuality "1"]

1. e4 Nf6 2. e5 Ng8 3. d4 d6 4. exd6 exd6 5. Bd3 Nf6 6. Nf3 Be7 7. c4 0-0 8. h3 Nc6 9. a3 d5 10. Nc3 Be6 11. c5 b6 12. b4 Ne4 13. Nxe4 dxe4 14. Bxe4 Bd5 15. Bxd5 Qxd5 16. 0-0 Bf6 17. Be3 Rfd8 18. Rc1 b5 19. Qe2 Rab8 20. Rfd1 a5 21. Qb2 g5 22. Qd2 h6 23. Rb1 axb4 24. axb4 Ra8 25. Ra1 Bg7 26. Qb2 f5 27. Rxa8 Rxa8 28. Ra1 Rd8 29. Qa2 Nxb4 30. Qa5 Nc2 31. Rc1 Nxe3 32. fxe3 g4 33. hxg4 fxg4 34. Nh2 Qg5 35. Re1 Qh4 36. Nf1 Rf8 37. Qd2 g3 38. Qa2+ Kh8 39. Qd5 Qf6 40. Qf3 Qg6 41. Qe2 Rf2 42. Qxb5 Qe4 43. Qb8+ Bf8 0-1

[Event "Sada Coruna op"]
[Site "Sada"]
[Date "2022.09.05"]
[Round "3"]
[White "Cernadas Camean, David"]
[Black "Lopez Grana, Carmen"]
[Result "1-0"]
[WhiteElo "1893"]
[BlackElo "1761"]
[PlyCount "81"]
[EventDate "2022.09.04"]
[EventType "swiss"]
[EventRounds "9"]
[EventCountry "ESP"]
[SourceTitle "CBM 210 Extra"]
[Source "ChessBase"]
[SourceDate "2022.11.30"]
[SourceVersion "1"]
[SourceVersionDate "2022.11.30"]
[SourceQuality "1"]

1. e4 c5 2. Nf3 e6 3. d3 d5 4. Nbd2 Nf6 5. g3 Be7 6. Bg2 0-0 7. 0-0 Nc6 8. c3 b5 9. Re1 Rb8 10. e5 Nd7 11. Nf1 Qc7 12. Bf4 a5 13. h4 b4 14. c4 Nb6 15. Ng5 Bxg5 16. Bxg5 Ne7 17. Nd2 Ba6 18. Rc1 Rbd8 19. Qg4 Kh8 20. d4 Rc8 21. cxd5 Nbxd5 22. Rxc5 Qb6 23. Ne4 Nf5 24. Rxc8 Rxc8 25. Nc5 Nde7 26. Qh5 Ng6 27. Qg4 h6 28. h5 Nxe5 29. Rxe5 hxg5 30. Be4 Nxd4 31. Qxg5 f5 32. h6 Rg8 33. hxg7+ Rxg7 34. Qh6+ Kg8 35. Nxe6 Ne2+ 36. Kf1 Nf4+ 37. Ke1 Nxe6 38. Rxe6 Qb5 39. Rxa6 fxe4 40. Ra8+ Kf7 41. Ra7+ 1-0

[Event "ESP-ch U16 Rapid"]
[Site "Salobrena"]
[Date "2022.07.31"]
[Round "6"]
[White "Galstyan, David"]
[Black "Cernadas Camean, David"]
[Result "0-1"]
[WhiteElo "1481"]
[BlackElo "1760"]
[PlyCount "88"]
[EventDate "2022.07.30"]
[EventType "swiss (rapid)"]
[EventRounds "9"]
[EventCountry "ESP"]
[SourceTitle "EXT 2023"]
[Source "ChessBase"]
[SourceDate "2022.10.05"]
[SourceVersion "1"]
[SourceVersionDate "2022.10.05"]
[SourceQuality "1"]

1. e4 c5 2. Nc3 Nc6 3. f4 g6 4. Nf3 Bg7 5. Bb5 Nd4 6. 0-0 e6 7. e5 a6 8. Bd3 Ne7 9. Ne4 0-0 10. Nxc5 Qb6 11. b4 Nxf3+ 12. Qxf3 Qxb4 13. Nb3 d6 14. exd6 Qxd6 15. Rb1 Bd7 16. Be4 Bc6 17. d3 Rac8 18. c4 Rfd8 19. c5 Qd7 20. Rd1 Bxe4 21. Qxe4 Nd5 22. Bd2 Nf6 23. Qe1 Nd5 24. Ba5 Re8 25. g3 e5 26. fxe5 Rxe5 27. Qd2 Rh5 28. Rf1 Bh6 29. Qb2 Ne3 30. Rf3 Ng4 31. h4 Re8 32. Rbf1 Re3 33. Bd2 Re2 34. Rxf7 Qd5 35. R7f3 Nh2 36. Bxh6 Nxf3+ 37. Rxf3 Re1+ 38. Kg2 Rxh6 39. Qf2 Re8 40. Qd2 Rh5 41. Qb2 Rf5 42. Nd4 Re3 43. Qb6 Rfxf3 44. Qc7 Rf7+ 0-1

[Event "ESP-ch U16"]
[Site "Salobrena"]
[Date "2022.07.29"]
[Round "8"]
[White "Ano Pla, Gerard"]
[Black "Cernadas Camean, David"]
[Result "1-0"]
[WhiteElo "2159"]
[BlackElo "1842"]
[PlyCount "45"]
[EventDate "2022.07.25"]
[EventType "swiss"]
[EventRounds "9"]
[EventCountry "ESP"]
[SourceTitle "EXT 2023"]
[Source "ChessBase"]
[SourceDate "2022.10.05"]
[SourceVersion "1"]
[SourceVersionDate "2022.10.05"]
[SourceQuality "1"]

1. d4 d5 2. c4 e6 3. Nc3 c5 4. e3 Nf6 5. Nf3 Nc6 6. a3 a6 7. dxc5 Bxc5 8. b4 Ba7 9. Bb2 0-0 10. Qc2 Re8 11. Rd1 d4 12. exd4 Bxd4 13. b5 e5 14. bxc6 bxc6 15. Bd3 c5 16. 0-0 Bb7 17. Ne4 Nh5 18. Bxd4 cxd4 19. c5 Bc6 20. Nd6 Nf4 21. Bxh7+ Kf8 22. Be4 d3 23. Qc4 1-0

[Event "Galicia-ch U18"]
[Site "Padron"]
[Date "2022.02.27"]
[Round "4"]
[White "Cernadas Camean, David"]
[Black "Reza Salgado, Miguel"]
[Result "0-1"]
[WhiteElo "1802"]
[BlackElo "1662"]
[PlyCount "114"]
[EventDate "2022.02.26"]
[EventType "swiss"]
[EventRounds "8"]
[EventCountry "ESP"]
[SourceTitle "EXT 2023"]
[Source "ChessBase"]
[SourceDate "2022.10.05"]
[SourceVersion "1"]
[SourceVersionDate "2022.10.05"]
[SourceQuality "1"]

1. e4 d5 2. exd5 Qxd5 3. Nc3 Qd6 4. d4 Nf6 5. Bd3 c6 6. Nge2 Bg4 7. f3 Bh5 8. Bf4 Qd8 9. Qd2 e6 10. 0-0-0 Bd6 11. Rhe1 Nd5 12. Bxd6 Qxd6 13. Ne4 Qd8 14. Nf4 Bg6 15. Nc5 Qg5 16. Nxd5 Qxd5 17. c4 Qd6 18. Nxb7 Qe7 19. Nc5 0-0 20. Bxg6 hxg6 21. g4 a5 22. h4 Nd7 23. Ne4 Nb6 24. Qc2 Qb4 25. c5 Nd5 26. h5 Nf4 27. hxg6 Nxg6 28. Ng5 Rab8 29. Rh1 Rfd8 30. a3 Qb3 31. Qxb3 Rxb3 32. Kc2 Rdb8 33. Rb1 Nf4 34. Ne4 Ne2 35. Rhd1 Rxf3 36. Rd3 Rf4 37. Rh1 Rb5 38. Rdh3 Kf8 39. Rh8+ Ke7 40. Nd6 Nxd4+ 41. Kb1 Rxc5 42. Nc8+ Kf6 43. g5+ Rxg5 44. Nd6 Rg2 45. Ra8 Nf5 46. Nc8 Rff2 47. Rb8 g5 48. Rb7 g4 49. Rh7 g3 50. Rhxf7+ Ke5 51. Rf8 Rh2 52. Na7 Nd4 53. Rg8 Kf4 54. Rf7+ Nf5 55. Nb5 cxb5 56. a4 Rxb2+ 57. Ka1 Rbe2 0-1

[Event "Galicia-ch U14"]
[Site "Padron"]
[Date "2020.02.25"]
[Round "8"]
[White "Cernadas Camean, David"]
[Black "Fernandez Ramos, Iago"]
[Result "1-0"]
[WhiteElo "1550"]
[BlackElo "1409"]
[PlyCount "59"]
[EventDate "2020.02.22"]
[EventType "swiss"]
[EventRounds "8"]
[EventCountry "ESP"]
[SourceTitle "EXT 2023"]
[Source "ChessBase"]
[SourceDate "2022.10.05"]
[SourceVersion "1"]
[SourceVersionDate "2022.10.05"]
[SourceQuality "1"]

1. e4 e5 2. Nf3 Nc6 3. Bc4 Bc5 4. 0-0 Nf6 5. d4 exd4 6. e5 d5 7. exf6 dxc4 8. Re1+ Be6 9. Ng5 Qd5 10. Nc3 Qf5 11. g4 Qg6 12. Nce4 Bb6 13. Nxe6 fxe6 14. f7+ Qxf7 15. Ng5 Qd7 16. Nxe6 Ne7 17. Bg5 Kf7 18. Qf3+ Kg8 19. Nxg7 Ng6 20. Nf5 Rf8 21. Bh6 Rf7 22. Qe4 Bc5 23. c3 dxc3 24. Rad1 Qc8 25. bxc3 Nh4 26. Qe8+ Rf8 27. Bxf8 Nf3+ 28. Kh1 Qxe8 29. Rxe8 Bxf8 30. Rd7 1-0